| 000 | 00974nam a2200337I 4500 | ||
|---|---|---|---|
| 001 | 5896 | ||
| 003 | BD-RjUL | ||
| 005 | 20211208234141.0 | ||
| 008 | 14 t1958 u 001 0 eng u | ||
| 035 | _a(BD-RjUL)5935 | ||
| 035 | _a(OCoLC)00513346 | ||
| 035 | _aGLIS00502291 | ||
| 040 |
_cWSU _dm/c _dRCD _dBD-RjUL _aBD-RjUL _beng |
||
| 041 | _aeng | ||
| 082 | 0 | 4 |
_216 _a354.42 _bEHC 1958 |
| 090 |
_aJN401 _b.E33 |
||
| 099 | _aJN401.E33 | ||
| 100 | 1 |
_aEhrman, John. _918530 |
|
| 245 | 1 | 0 |
_aCabinet government and war, (1890-1940) / _cby John Ehrman. |
| 260 |
_aCambridge [Eng.] _bUniversity Press, _cc1958. |
||
| 300 |
_a137 p. ; _c22 cm. |
||
| 490 | 1 | 0 |
_aLees Knowles lectures ; _v1957 |
| 504 | _aIncludes index. | ||
| 650 | 0 |
_aCabinet system _zGreat Britain. _913849 |
|
| 650 | 0 |
_aWorld War, 1914-1918 _zGreat Britain. _910614 |
|
| 830 | 0 |
_v1957. _918540 |
|
| 830 | 0 |
_aLees Knowles lectures ; _918541 |
|
| 942 |
_2ddc _cBK |
||
| 949 | _aMYGD | ||
| 999 |
_c5896 _d5896 |
||